LEADER 04687nam 2200361 450 001 9910132062003321 005 20240214140126.0 010 $a1-55441-940-9 035 $a(CKB)3680000000169424 035 $a(NjHacI)993680000000169424 035 $a(EXLCZ)993680000000169424 100 $a20240214d2006 uy 0 101 0 $afre 135 $aur||||||||||| 181 $ctxt$2rdacontent 182 $cc$2rdamedia 183 $acr$2rdacarrier 200 10$aTableau de l'e?tat physique et moral des ouvriers employe?s dans les manufactures de coton, de laine et de soie /$fMichel Verdon 210 1$aChicoutimi :$cJ.-M. Tremblay,$d2006. 215 $a1 online resource 225 1 $aClassiques des sciences sociales 327 $aOrthographe modernise? dans l'e?dition nume?rique de 2006. -- -- INTRODUCTION (Yves TYL) -- -- Introduction -- -- PREMIE?RE PARTIE -- -- Section I. : Des ouvriers de l'industrie cotonnie?re -- -- Chapitre I: Travaux auxquels se livrent les ouvriers de l'industrie cotonnie?re. -- -- Chapitre II: Des ouvriers de l'industrie cotonnie?re dans le de?partement du Haut-Rhin. -- -- I. Mulhouse et la plaine d'Alsace -- II. Des ouvriers de la fabrique de Sainte-Marie-aux-Mines -- Chapitre III: Des ouvriers manufacturiers du de?partement du Nord, en ge?ne?ral, et, en particulier, de ceux des villes de Lille, Roubaix et Tourcoing. -- -- I. Lille -- II. Roubaix, Tourcoing, etc. -- Chapitre IV: Des ouvriers de la fabrique de Saint-Quentin. -- -- Chapitre V: Des ouvriers des fabriques de Rouen, d'Elbeuf, de Darne?tal et de Louviers. -- -- I. Rouen -- II. Darne?tal, Elbeuf, Louviers -- Chapitre VI: Des ouvriers de la fabrique de Tarare. -- -- Section II : Des ouvriers de l'industrie lainie?re -- -- Chapitre I: Travaux des ouvriers de l'industrie lainie?re -- -- Chapitre II: Des ouvriers de la fabrique de Reims -- -- Chapitre III: Des ouvriers de la ville de Rethel -- -- Chapitre IV: Des ouvriers de la fabrique de Sedan -- -- Chapitre V: Des ouvriers de la fabrique d'Amiens -- -- Chapitre VI: Des ouvriers en laine du midi de la France -- -- I. Lode?ve -- II. Carcassonne -- Section III : Des ouvriers de l'industrie de la soie -- -- Chapitre I: Des ope?rations dont s'occupent les ouvriers de l'industrie de la soie -- -- Chapitre II: Des ouvriers en soieries de la fabrique de Lyon -- -- Chapitre III: Des ouvriers en soieries des fabriques de Saint-E?tienne et du midi de la France -- -- I. -- II. Saint-E?tienne -- III. Ni?mes -- RE?SUME? SUCCINCT DES TROIS SECTIONS -- -- I. Ouvriers de l'industrie cotonnie?re. -- II. Ouvriers de l'industrie lainie?re. -- III. Ouvriers de l'industrie de la soie. -- DEUXIE?ME PARTIE -- -- Chapitre I: Condition mate?rielle des ouvriers. -- -- Chapitre II: M?urs et principes moraux des ouvriers. -- -- I. Ivrognerie des ouvriers -- II. Impre?voyance. De?faut d'e?conomie. Libertinage. Mauvais exemples, etc. -- III. Reproches des fabricants. Responsabilite? de ces fabricants -- IV. Autres faits qui inte?ressent la moralite? des ouvriers -- Chapitre III: Dure?e journalie?re du travail -- -- Chapitre IV: Enfants employe?s dans les manufactures (Suite du chapitre pre?ce?dent). -- -- Chapitre V: Abus des avances d'argent faites sur les salaires des ouvriers. -- -- Chapitre VI: Du livret des ouvriers et des conseils de prud'hommes. -- -- Chapitre VII: Institutions sociales en faveur des ouvriers. -- -- I. Salles d'asile -- II. E?coles, instruction et ignorance -- III. Caisses d'e?pargnes -- IV. Socie?te?s de secours mutuels contre la maladie -- Chapitre VIII: Sante? des ouvriers. -- -- I. Dans les manufactures de coton -- II. Dans les manufactures de laine -- III. Sante? des ouvriers employe?s aux premie?res pre?parations de la soie -- IV. Sante? des tisserands -- V. Conside?rations ge?ne?rales -- Chapitre IX: Mouvement de la population ouvrie?re. -- -- Chapitre X: Influence des machines modernes et de l'organisation actuelle de l'industrie sur le sort des ouvriers. -- -- Chapitre XI: Des associations industrielles d'ouvriers. -- -- Chapitre XII: Re?sume? de la condition des ouvriers. -- -- CONCLUSIONS. 410 0$aClassiques des sciences sociales. 606 $aSocial sciences 615 0$aSocial sciences. 676 $a613 700 $aVerdon$b Michel$0238434 801 0$bNjHacI 801 1$bNjHacl 906 $aBOOK 912 $a9910132062003321 996 $aTableau de l'e?tat physique et moral des ouvriers employe?s dans les manufactures de coton, de laine et de soie$94007211 997 $aUNINA